[Event "EU-ch 4th"]
[Site "Istanbul"]
[Date "2003.06.07"]
[Round "8"]
[White "Del Rio de Angelis, Salvador Gabriel"]
[Black "Conquest, Stuart"]
[Result "0-1"]
[WhiteElo "2490"]
[BlackElo "2556"]
[Annotator "Finkel,A"]
[PlyCount "108"]
[EventDate "2003.05.30"]
[EventType "swiss"]
[EventRounds "13"]
[EventCountry "TUR"]
[SourceTitle "CBM 096"]
[Source "ChessBase"]
[SourceDate "2003.09.25"]
[SourceVersion "1"]
[SourceVersionDate "2003.09.25"]
[SourceQuality "1"]

1. e4 Nf6 (1... d5 2. exd5 Nf6 3. Bb5+ Nbd7 4. d4 Nxd5 5. Nf3 c6 6. Bd3 N7f6 7.
Ne5 (7. O-O Bg4 8. Nbd2 e6 9. a3 Nf4 10. Bc4 Bd6 11. Qe1 O-O 12. Ne5 Bf5 13.
Bb3 c5 $132 {Koller,H-Schmaranzer,A/Hollabrunn 1998}) (7. h3 Qc7 8. O-O e6 9.
c4 Nf4 10. Bc2 Be7 11. Nc3 O-O 12. Re1 Rd8 13. Be3 $14 {Yudasin,L-Schneider,D/
New York 2001}) 7... g6 8. O-O Bg7 9. c3 O-O 10. Re1 Qc7 11. h3 c5 12. Na3 a6
$13 {Candeias,T-Carvalho,A/POR 1997}) 2. e5 Nd5 3. d4 d6 4. Nf3 dxe5 5. Nxe5 c6
6. Bd3 Nd7 7. Nf3 N7f6 8. h3 Nb4 $5 {This logical move appears to be a novelty.
} 9. Bc4 {After the move in the game white can't fight for opening advantage.
As strange as it sounds, but the best way to fight for advantage is to give up
the bishop.} (9. Nc3 $5 Nxd3+ 10. Qxd3 g6 11. Bg5 Bg7 12. Qe3 Qa5 13. O-O-O Be6
14. Rhe1 $14 {and white keeps some pressure.}) 9... Bf5 10. Ne5 $6 {[%csl Re5]
White can't afford himself to make 4 moves out of 10 with the knight. Not to
mention that knight is very vulnerable at e5 so it was preferable to complete
development.} (10. Bb3 $142 a5 11. Nc3 e6 12. O-O Bd6 13. a3 Nbd5 $11) 10... e6
11. Na3 Bd6 12. O-O h6 $5 {I wouldn't say that this move was called for, but
there is nothing rong with it since black keeps all the option open.} 13. c3 (
13. Bb3 Nbd5 14. Nac4 Bc7 15. Re1 O-O 16. c3) 13... Nbd5 14. Nc2 Qc7 15. Bd3 $6
{White doesn't get any compensation for a pawn so there was no need in such a
drastic measures.} (15. Re1 O-O-O 16. Qe2 g5 17. a4 Rhg8 $36) 15... Bxe5 16.
dxe5 Bxd3 17. Qxd3 Qxe5 18. Re1 Qc7 19. c4 Ne7 20. b3 {At the first hand look
white bishop is quite menacing on b2, but after a couple of accurate moves
from Conquest white's initiative runs into the wall.} O-O 21. Qf3 (21. Bb2 Nd7)
21... Nd7 $1 {[%cal Ge6e5,Gf7f6] With clear intentions to neutralize white
bishop.} 22. Bb2 Ng6 23. g3 Rad8 24. Qc3 e5 25. h4 f6 $17 {At this point iof
the game it's pretty obvious that white's sacrifice didn't pay off.} 26. Qe3 (
26. Ne3 e4 27. Nf5 Nde5 28. Rxe4 Qd7 29. Nd4 c5 30. Nf3 Qh3 $17) 26... a6 27.
Ba3 Rfe8 28. Qe4 Ndf8 29. Bc5 Ne6 30. Be3 Ngf8 31. Qg4 Kh8 32. Qh5 Kg8 33. Qg4
Qf7 {Black is ready to start counterattack.} 34. Bb6 (34. Bxh6 f5 $19) (34. h5
f5 35. Qh4 Nd7 $19) 34... Rd2 35. Ne3 h5 36. Qe4 Nd7 37. Ba5 Ndc5 38. Qf3 (38.
Qg2) 38... Rd3 {One of quite a few promising opitons.} 39. Qg2 Qg6 40. b4 Ne4
41. b5 axb5 42. cxb5 Nd4 $19 43. bxc6 Nxc6 {The rest is just a matter of
technique.} 44. Bb6 Nd2 45. Kh1 e4 46. Qh3 Nf3 47. Red1 Nce5 48. Qf5 Qxf5 49.
Nxf5 Nc4 50. Bc5 (50. Bc7 Nb2 51. Rdb1 Rd2 $19) 50... Re5 51. Ne7+ Kf7 52. Bb4
Rxe7 53. Bxe7 Kxe7 54. Rdc1 Rd2 0-1

[Event "CZE-ch"]
[Site "Zlin"]
[Date "1998.06.19"]
[Round "7"]
[White "Movsesian, Sergei"]
[Black "Konopka, Michal"]
[Result "1-0"]
[WhiteElo "2595"]
[BlackElo "2445"]
[Annotator "Finkel,A"]
[PlyCount "55"]
[EventDate "1998.06.13"]
[EventType "tourn"]
[EventRounds "11"]
[EventCountry "CZE"]
[EventCategory "9"]
[SourceTitle "CBM 066"]
[Source "ChessBase"]
[SourceDate "1998.09.30"]
[SourceVersion "1"]
[SourceVersionDate "1998.09.30"]
[SourceQuality "1"]

1. e4 {Rodriguez,Amador} Nf6 2. e5 Nd5 3. d4 d6 4. Nf3 dxe5 5. Nxe5 g6 6. Bc4
c6 7. O-O Bg7 8. Nd2 O-O 9. Ndf3 Nd7 10. Nd3 a5 (10... b5 $6 11. Bb3 a5 12. a4
b4 (12... N7b6 13. Nfe5 Qc7 14. Bd2 bxa4 15. Bxa4 Ba6 16. Qe1 $16 {[%csl Ra5]
Palkovi,J-Horvath,J/Elekes mem 1996 (26)}) 13. Bg5 f6 14. Bh4 Re8 15. Re1 e6
16. Bg3 Ba6 17. h3 Qb6 18. Qd2 $14 {Tolnai,T-Farago,S/Budapest FS08 GM 1993/
1-0 (49)}) 11. a4 (11. a3 $5 b6 (11... N7b6 12. Bb3 (12. Ba2 Bg4 13. c3 e6 14.
h3 Bxf3 15. Qxf3 Nc8 16. Re1 Nd6 17. Bd2 $14 {Tzermiadianos,A-Kengis,E/
Komotini op 1992 (37)} (17. Bd2 {Rodriguez,Amador} Nf5 18. Rad1 $14 {
Tzermiadianos,A-Kengis,E/Komotini 1992})) 12... a4 (12... Bf5 13. Re1 Bxd3 14.
Qxd3 Qc7 15. g3 Rfe8 16. c4 Nf6 17. Bf4 Qc8 18. Rad1 $14 {Ernst,T-Agdestein,S/
Reykjavik zt 1995 (40)}) 13. Ba2 Bg4 14. c3 e6 15. h3 Bxf3 16. Qxf3 Nd7 17. Re1
Re8 18. Bd2 Qf6 19. Qe4 $14 {Thesing,M-Steinbacher,M/Berliner Sommer 1993 (46)}
) 12. Re1 Ba6 13. Ba2 Bxd3 14. Qxd3 e6 15. c4 (15. Bg5 Bf6 16. Bh6 Re8 17. Rad1
b5 18. Qd2 $14 {Riemersma,L-Van der Werf,M/NLD-ch sf 1993}) 15... Ne7 16. Bf4
Re8 17. Rad1 $14 {Nijboer,F-Van der Werf,M/NLD-chT 1993 (36)}) 11... N7b6 12.
Bb3 Bg4 (12... Bf5 $5 13. Bg5 Bxd3 (13... Nd7 $6 14. Re1 Re8 15. h3 N7f6 16.
Bh4 h6 17. Nfe5 Nd7 18. Qf3 $14 {Moberg,K-Bus,M/Goteborg 1993/1-0 (52)}) 14.
Qxd3 Qc7 15. Rfe1 e6 16. Qe4 c5 (16... Nc8 $5 17. c4 Nd6 18. Qe2 Nb4 19. Rad1
Rfe8 20. Qd2 Nf5 $13 {Arnason,J-Kengis,E/Jurmala 1987 (29)}) 17. Bxd5 $5 Nxd5
18. c4 Nb4 19. d5 $36 {Nunn,J-Lalic,B/Hastings9697 1996 (36)}) 13. c3 e6 14. h3
Bxf3 15. Qxf3 $14 {Arising position is typical for this variation of Alekhin
defence and so are the plans of both sides: black gets rid of a 'bad'
lightsquared bishop and tries to create a play on the queenside, while white
using the advantage in space tries to break through in the center.} Nd7 (15...
Nc8 16. Bd2 Nd6 17. Rfe1 Nf5 18. Ne5 $14 {[%cal Ge1e2,Ga1e1]}) 16. Re1 Re8 (
16... Qc7 17. Bg5 b6 18. Re2 Rac8 19. Rae1 $14) 17. Bd2 Qb6 $5 18. Ba2 (18. Bc4
{Rodriguez,Amador} Qc7 19. Rad1 Qd6 20. Bg5 Bf6 21. Bc1 Bg7 22. Qe4 Qf8 23. Qh4
Rac8 24. Bb3 Bf6 25. Qg3 Bg7 26. h4 $36 {Adams,M-Horvath,J/Debrecen 1992})
18... Qc7 19. Re2 {Rodriguez: The novelty 18.Ba2 did not change the nature of
the position as compared to the Adams game, this move 19.Re2 really does so,
since it involves a completely different plan, to double rooks on the e-file,
something that Black inmediately fails to neutralize.} N7f6 20. Rae1 {White
seems to be putting a strong pressure on his opponent who now just blunders.
Maybe it is more convenient to play 12...Bf5 as Lalic did.} b5 $4 {This
'little' move costs black a game!The idea is correct,but the timing is
definitly wrong.} 21. axb5 cxb5 22. Bxd5 $1 {[%cal Ge1e8] Rodriguez: The point,
Black surely forgot that he cannot take back with his knight.} exd5 (22... Nxd5
23. Qxd5 $1 exd5 24. Rxe8+ Rxe8 25. Rxe8+ Bf8 26. Bh6 $18) 23. Rxe8+ Rxe8 24.
Rxe8+ Nxe8 25. Qxd5 $18 Bf8 (25... Qc4 26. Qd8 Kf8 27. Bf4 $1 Qc6 28. Qxa5 $18)
26. Qxb5 Nd6 27. Qd5 a4 28. Qa8 1-0

[Event "Cannes masters k.o."]
[Site "Cannes"]
[Date "2000.02.20"]
[Round "2.1"]
[White "Palac, Mladen"]
[Black "Santo Roman, Marc"]
[Result "1/2-1/2"]
[WhiteElo "2570"]
[BlackElo "2430"]
[Annotator "Finkel,A"]
[PlyCount "50"]
[EventDate "2000.02.19"]
[EventType "k.o."]
[EventRounds "5"]
[EventCountry "FRA"]
[SourceTitle "CBM 076"]
[Source "ChessBase"]
[SourceDate "2000.05.31"]
[SourceVersion "1"]
[SourceVersionDate "2000.05.31"]
[SourceQuality "1"]

1. e4 Nf6 2. e5 Nd5 3. d4 d6 4. Nf3 g6 5. Bc4 Nb6 6. Bb3 Bg7 7. a4 a5 8. Qe2
Nc6 9. O-O dxe5 {This varation is a 'speciality' of the french grandmaster and
he achieves with it quiet good results.The only disadvantage in this variation
is that black can hardly hope for more than a draw.} (9... O-O 10. h3 Bf5 11.
Re1 Qc8 12. Nc3 $14 {Fedorowicz - Alburt, USA (ch) 1989.}) 10. dxe5 Nd4 11.
Nxd4 Qxd4 12. Re1 ({White managed to get small,but very comfortable advantage
after} 12. e6 $1 Bxe6 13. Bxe6 fxe6 14. Qxe6 Qc4 15. Qxc4 Nxc4 16. Ra2 Rf8 17.
b3 Nd6 18. Ba3 $14 {,which is probably the best way to meet black's set up;
Van der Wiel,J-Santo Roman,M/Cannes team60 1992}) 12... Bg4 13. Be3 ({Nothing
promises white} 13. Qf1 Nd7 (13... Qd7 {1/2-1/2 Marciano,D-Santo Roman,M/
FRA-ch 1993}) 14. Nc3 Nxe5 15. Nb5 Qd7 16. Bf4 c6 17. Bxe5 Bxe5 18. Rxe5 cxb5
$11 {,with equal chanses, Benjamin,J-Santo Roman,M/Cannes team60 1992}) (13.
Qe3 Qxe3 14. Bxe3 Nd7 15. f4 g5 16. Nc3 gxf4 17. Bxf4 Nc5 18. Nd5 Ne6 19. Bg3
$14 {Bologan,V-Santo Roman,M/Belfort 1995}) 13... Bxe2 14. Bxd4 Bc4 {This
attempt to get an opening advantage fails,which is quiet logical due to almost
symetricl pawn structure and weakness of white pawn on e5.} 15. Bxb6 $6 (15.
Nd2 Bxb3 16. Nxb3 Nd5 17. e6 f6 18. Rad1 O-O-O 19. c4 Nb4 20. Bc3 b6 21. g3 $14
{Kindermann,S-Neckar,L/Bohemians 1988}) 15... Bxb3 16. cxb3 cxb6 17. Na3 (17.
Nc3 $6 O-O-O) 17... O-O-O 18. Nc4 Rd3 $1 19. Rac1 ({Better chanse to fight for
the advantage was} 19. Nxb6+ $5 Kb8 (19... Kc7 $6 20. Nc4 b6 (20... Rxb3 21.
Rac1 Kb8 22. Nxa5 Rxb2 23. Rb1 $16 {[%csl Rb7]}) 21. Rac1 Kb7 22. Red1 $1 Rxd1+
(22... Rhd8 23. Nd6+ $1 $18) 23. Rxd1 Kc7 24. f4 $14) 20. Nc4 Rhd8 21. Nxa5
R8d5 22. Nc4 Rxb3 $44 {,but also in this case back black holds an equality.})
19... Kb8 20. Rc3 (20. Nxb6 Rxb3 21. Nc4 Rc8 $15) 20... Rhd8 21. f4 e6 22. Nxb6
(22. Nd6 $2 R8xd6 {[%cal Gg7c3]} 23. exd6 Bxc3 24. bxc3 Kc8 $17) 22... Bf8 $5
23. Kf1 (23. Rxd3 Rxd3 24. Rc1 Bb4 25. Rc8+ Ka7 26. Nc4 Rxb3 27. Rc7 Ka6 28.
Rxf7 b5 29. axb5+ Kxb5 $17 {[%csl Rb2]}) 23... Bb4 24. Rxd3 Rxd3 25. Rc1 Rxb3
$13 1/2-1/2

[Event "CZE-ch"]
[Site "Luhacovice"]
[Date "2003.02.25"]
[Round "8"]
[White "Haba, Petr"]
[Black "Konopka, Michal"]
[Result "1-0"]
[WhiteElo "2516"]
[BlackElo "2448"]
[Annotator "Finkel,A"]
[PlyCount "97"]
[EventDate "2003.02.18"]
[EventType "tourn"]
[EventRounds "11"]
[EventCountry "CZE"]
[EventCategory "9"]
[SourceTitle "CBM 094"]
[Source "ChessBase"]
[SourceDate "2003.05.26"]
[SourceVersion "1"]
[SourceVersionDate "2003.05.26"]
[SourceQuality "1"]

1. e4 Nf6 2. e5 Nd5 3. d4 d6 4. Nf3 dxe5 5. Nxe5 c6 6. Bc4 Nd7 7. Nf3 $5 N7b6
8. Bb3 Bg4 (8... a5 9. a4 Bg4 10. Nbd2 e6 11. h3 Bh5 12. Ne4 Bb4+ 13. c3 Be7
14. Ng3 Bg6 15. Ne5 $14 {Petschar,K-Kaspret,G/Austria 2002}) 9. h3 (9. Nbd2 e6
10. O-O Be7 11. h3 Bh5 12. c3 O-O 13. Ne4 Bg6 14. Qe2 Nd7 (14... Qc7 15. Ne5
Bxe4 16. Qxe4 Nf6 17. Qe2 Nbd5 18. Re1 c5 $13 {Schumi,M-Posch,W/Austria 2002})
15. Re1 a5 16. a4 Re8 17. Bc4 Qc7 18. Bg5 Bxg5 19. Nexg5 h6 20. Ne4 Rad8 $11 {
Van der Weide,K-Miles,A/Saint Vincent 2000}) (9. O-O e6 10. c4 Nf6 11. Be3 Be7
12. Nbd2 O-O 13. h3 Bh5 14. g4 Bg6 15. Ne5 c5 $13 {Ramesh,R-Conquest,S/Bled
2002}) 9... Bh5 (9... Bxf3 10. Qxf3 e6 11. O-O Be7 12. c4 Nf6 13. Be3 O-O 14.
Nc3 Nbd7 15. Rfd1 Bd6 16. Bc2 Rc8 17. Rac1 a6 18. a3 $14 {Mueller,K-Conquest,S/
Germany 2002}) 10. c4 $5 {The most crucial continuation for the evaluation of
this variation. White bishop is left out of play for a short while, but later
on it joins the party just when it's needed the most!} (10. O-O e6 11. Re1 (11.
c4 Nf6 12. g4 Bg6 13. Ne5 Nfd7 14. Nxg6 hxg6 15. Kg2 Qh4 16. Qf3 O-O-O 17. Re1
c5 18. d5 Bd6 $132 {Manik,M-Forster,R/Leipzig 2002}) 11... Be7 12. c3 O-O 13.
Nbd2 Qc7 14. Ne4 Rad8 15. Ng3 Bg6 16. Ne5 c5 $11 {Mannion,S-Shaw,J/Clarkston
2002}) 10... Nf6 11. g4 Bg6 12. Nc3 e6 13. Ne5 Nbd7 ({May be more cautious was
} 13... Be7 14. Be3 Ne4 15. Qc2 Nxc3 16. Qxc3 Nd7 17. Nxg6 hxg6 18. O-O-O Qc7
$13 {followed by castle quuenside.}) 14. Nxg6 hxg6 15. Be3 Qa5 16. Qf3 Bb4 17.
O-O $1 {The pawn is not an issue when it's initiative we are talking about!}
O-O (17... g5 18. Bd2 (18. c5 Bxc3 19. bxc3 Qxc3 20. Rac1 Qd3 21. Bc2 Qa6)
18... O-O-O 19. a3 Bxc3 20. Bxc3 Qb6 21. Bc2 Rh4 22. Kg2 Rdh8 23. Rh1 $14) 18.
g5 $5 Bxc3 19. bxc3 Nh7 20. c5 {Defending the pawn on g5 and bringing the
lightsquared bishop back to life. black knight can't come to d5 anyway, so the
pawn is no longer needed on c4.} Qxc3 21. Qg3 Qd3 22. h4 Rfe8 23. Rfe1 Nhf8 24.
Rad1 Qf5 (24... Qb5) 25. f4 b6 26. Qg2 $1 $16 {[%csl Rc6][%cal Gb3c2,Gc2e4]
Very strong move with idea to bring the bishop to e4 via c2.} bxc5 27. Bc2 Qd5
28. Be4 Qc4 (28... Qd6 29. dxc5 Qc7 30. Bxc6 Rac8 31. Rd6 $16) 29. dxc5 e5 30.
f5 $1 (30. Bxc6 $6 exf4 $1 31. Rc1 Qb4 32. Bxa8 fxe3 33. Bd5 Nxc5 34. Qf3 Re7
$132) 30... gxf5 31. Bxc6 Rad8 32. Bd5 {White's initiative is very dangerous
even with the queens off the board.} Qg4 (32... Qa6 33. h5 Ne6 34. g6 Nf6 35.
gxf7+ Kxf7 36. Qg6+ Kg8 37. Bg5 $1 {[%csl Re8]} Nxd5 38. Bxd8 Rxd8 39. Rxe5 $18
) 33. Qxg4 fxg4 34. Rf1 Ne6 35. c6 Ndf8 (35... Nb6 36. Bxb6 axb6 37. g6 $1 $18)
36. Bxa7 Nf4 37. Bb3 N8e6 38. g6 $1 Nxg6 (38... fxg6 39. Rxd8 Rxd8 40. Rxf4
exf4 41. Bxe6+ Kf8 42. c7 $18) 39. Bxe6 fxe6 40. c7 $5 Rd5 $2 (40... Rc8 41.
Bb6 Nf4 42. Rd7 Ra8 (42... Nd5 $6 43. Rff7 $1 Kh7 (43... Nxb6 44. Rxg7+ Kh8 45.
Rh7+ Kg8 46. Rdg7+ Kf8 47. h5) 44. Rxg7+ Kh6 45. Bc5 $16) 43. Rd8 Nd5 44. Rxe8+
Rxe8 45. Ba5 $16) 41. Rxd5 exd5 42. Bc5 Nf4 (42... d4 43. Rb1 Kf7 44. Rb8 $18)
43. Bd6 Ne6 44. Bxe5 $18 d4 45. a4 d3 46. Rd1 Nc5 47. a5 Kf7 48. Bd4 Ne6 49.
Bb6 1-0

[Event "RUS-chT 05th"]
[Site "Maikop"]
[Date "1998.06.04"]
[Round "2"]
[White "Vokarev, Sergey"]
[Black "Solozhenkin, Evgeniy"]
[Result "1/2-1/2"]
[WhiteElo "2485"]
[BlackElo "2500"]
[Annotator "Finkel,A"]
[PlyCount "121"]
[EventDate "1998.06.03"]
[EventType "team-tourn"]
[EventRounds "11"]
[EventCountry "RUS"]
[SourceTitle "CBM 066"]
[Source "ChessBase"]
[SourceDate "1998.09.30"]
[SourceVersion "1"]
[SourceVersionDate "1998.09.30"]
[SourceQuality "1"]
[WhiteTeam "Ekaterinburg Agat"]
[BlackTeam "Sankt Petersburg"]
[WhiteTeamCountry "RUS"]
[BlackTeamCountry "RUS"]

1. e4 Nf6 2. e5 Nd5 3. d4 d6 4. Nf3 g6 5. Bc4 Nb6 6. Bb3 Bg7 7. Ng5 e6 8. f4 {
Another theoretical recomendation is} (8. Qf3 $5 Qe7 9. Ne4 dxe5 10. Bg5 Qb4+
11. c3 Qa5 12. Bf6 Bxf6 13. Qxf6 O-O 14. Qxe5 $14 {with better chanses for
white in the arising ending.}) 8... dxe5 9. fxe5 c5 10. O-O O-O 11. c3 cxd4 12.
cxd4 Nc6 13. Nf3 f6 14. exf6 Qxf6 15. Be3 Nd5 16. Bf2 Nf4 17. Nbd2 (17. Kh1 $5
b6 (17... Kh8 18. Nc3 Qf5 19. Bg3 g5 20. Bc2 Qg4 21. Qd2 $14 {Zila,L-Maurer,C/
Balatonbereny op 1995 (36)}) 18. Nc3 (18. Be3 Ba6 19. Rf2 Rad8 20. Nc3 Kh8 21.
Ne4 Qe7 22. Qc1 Nd3 $5 $13 {Kudrin,S-Alburt,L/New York op 1985 (32)}) 18... Bb7
19. d5 $11 {1/2-1/2 Landa,K-Marinkovic,I/Belgrade-A 1991} (19. Ne4 $5 Qe7 20.
Re1 Na5 21. Bc2 Qb4 22. Rb1 Rad8 23. Bh4 $14 {Arnason,J-Alburt,L/Reykjavik 1984
})) 17... Qf5 18. Nc4 (18. Be3 $6 Qd3 19. Re1 Nxd4 20. Bc4 Nxf3+ 21. Qxf3 Qf5
22. Bxf4 Qxf4 23. Qxf4 Rxf4 $17 {Shamkovich,L-Alburt,L/Reykjavik 1984 (46)}) (
18. Bc2 $5 Qg4 19. Bg3 Nxd4 20. Nxd4 Bxd4+ 21. Kh1 Qxd1 22. Raxd1 e5 23. Bb3+
Kg7 24. Nc4 $44 {Havranek,M-Hudecek,J/Pardubice op 1993 (41)}) 18... Nh3+ 19.
gxh3 Qxf3 20. Qxf3 Rxf3 21. Rad1 Rxh3 $6 {Only now black makes first 'own'
move and quiet dangerous one!In the previous game black chose} (21... Rf5 22.
Nd6 Rg5+ 23. Kh1 Bd7 24. Be3 Rh5 $13 {with unclear position;Jonker,M-Al
Modiahki,M/WchJ-U16 1990 (31)}) 22. Nd6 Na5 $8 {An only,but quiet sufficient
defensive move.} 23. Ba4 Rh5 $5 24. Nxc8 (24. Be8 $5 Nc6 (24... Rd5 25. Bf7+
Kf8 26. Bg3 $1 Ke7 $6 (26... Bxd4+ 27. Rxd4 Rxd4 28. Nxc8 $16) 27. Nxc8+ Rxc8
28. Bxe6 $1 Kxe6 29. Rde1+ Kd7 30. Rf7+ $16) 25. Bf7+ Kh8 26. Nxc8 Rxc8 27.
Bxe6 $14) 24... b5 25. Ne7+ Kf7 26. Nxg6 ({More dangerous for black was} 26.
Bh4+ $1 Ke8 27. Nf5 $1 {[%cal Ga4b5,Gf5g7]} Rxf5 $1 (27... exf5 $6 28. Bxb5+
Kf7 29. Be1 $16) 28. Rxf5 gxf5 29. Bxb5+ Kf7 30. d5 $5 $36) 26... bxa4 (26...
hxg6 27. Bg3+ Kg8 28. Bc2 Kh7 29. Rf7 $14) 27. Ne5+ Kg8 28. Rc1 $5 (28. Bg3 $5
Nb7 (28... Rd8 29. Rc1 Rf5 30. Rxf5 exf5 31. Rc5 Nb7 32. Rc7 $16) 29. Rc1 Nd6
30. Rc6 Rd8 31. Rfc1 $14) 28... Nb7 29. Rc6 {[%csl Re6][%cal Gc6e6]} (29. Rc7
$5 Nd6 30. Re7 Bxe5 31. dxe5 Rxe5 32. Bg3 Nf5 $1 33. Bxe5 Nxe7 34. Rf6 $14)
29... Bxe5 30. dxe5 Rxe5 31. Re1 $6 (31. Rc7 $5 Rb5 32. Bd4 Rg5+ 33. Kh1 Nd6
34. Rg1 Rxg1+ 35. Kxg1 $14 {[%cal Gc7a7,Gc7g7]}) 31... Rg5+ 32. Kh1 e5 33. Bh4
Rg4 34. Bg3 Nd8 35. Ra6 (35. Rcc1 $5 Nf7 36. Bxe5 Nxe5 37. Rxe5 Rb8 38. Re7 $14
) 35... Nf7 36. Bf2 $6 {After this inaccuracy white becomes the defensive side.
} Ng5 37. Rxa7 Rxa7 38. Bxa7 Nf3 $15 39. Re2 Rc4 40. Kg2 Nh4+ 41. Kh3 Ng6 42.
Kg3 Kf7 43. Kf3 $6 (43. b3 $1 axb3 44. axb3 Rb4 45. Re3 Rb5 46. Rc3 Nf4 $11)
43... Ke6 44. Kf2 Nf4 45. Rd2 Nd5 46. Ke2 Nb4 47. b3 axb3 48. axb3 Rc3 49. Rb2
Rh3 50. Kf1 h5 51. Bb6 Rf3+ 52. Kg2 e4 53. Re2 Kf5 54. Rd2 Nd3 55. Kg1 (55. Bc7
Ne1+ 56. Kg1 Rxb3 $17) 55... Nf4 56. Bc7 (56. b4 e3 57. Rd1 e2 58. Re1 Ke4 59.
b5 Rb3 $19) 56... e3 $2 (56... Rxb3 57. Rd7 (57. Rf2 Rb1+ 58. Rf1 Rxf1+ 59.
Kxf1 e3 60. Bxf4 Kxf4 61. Ke2 h4 62. h3 Ke4 63. Ke1 Kf3 $19) 57... Nh3+ 58. Kg2
Ng5 59. Rd5+ Kg4 $17) 57. Bxf4 $1 $11 Kxf4 $6 ({Black could still try to find
some chanses after} 57... exd2 58. Bxd2 Rxb3 59. Ba5 Rb2 60. Bc7 Kg4 61. Kf1
Kf3 {although the position is drawn.}) 58. Rc2 h4 59. Kg2 Ke5 60. Rc5+ Kd6 61.
Rc3 1/2-1/2